00968cam a2200265 a 450000100060000000300080000600500170001400800410003103500190007203500170009104000620010804100080017008200240017810000360020224501010023826000410033930000240038049000550040450400200045965000270047970000260050694200120053299900170054495201410056129351BD-RjUL20211209051413.0140403s1954 nyu 001 0 eng d a(BD-RjUL)29436 a(NNC)3926753 aDLCcODaWUd*OCL*dNNUdCStRLINdMiUdNNC-MdBD-RjULbeng aeng04a131.34124bFRE 19541 aFreud, Anna,d1895-1982.98952514aThe ego and the mechanisms of defence /cAnna Freud, translated from the German by Cecil Baines. aLondon :bThe Hogarth Press,c1954. ax, 196 p. ;c22 cm. 0aThe International Psycho-Analytical LibraryvNo 30 aIncludes index. 2aPsychoanalysis.9895261 aBaines, Cecil.989527 2ddccBK c29351d29351 00102ddc40728NFICaRUCLbRUCLcReadingd1956-04-05eA. B. C.g10.20l0o131.34124 FRE 1954r2014-04-03 00:00:00tC-1w2014-04-03yBK